[Event "Titled Tuesday 2021.05.11"]
[Site "chess.com INT"]
[Date "2021.05.11"]
[Round "5"]
[White "Atanasov, Anthony"]
[Black "Mezentsev, Iv"]
[Result "0-1"]
[WhiteElo "2172"]
[BlackElo "2354"]
[PlyCount "108"]
[EventDate "2021.05.11"]
[EventType "swiss (blitz)"]
[EventRounds "11"]
[EventCountry "NET"]
[Source "Mark Crowther"]
[SourceDate "2021.05.17"]

1. d4 Nf6 2. Nf3 g6 3. Bf4 Bg7 4. e3 O-O 5. Be2 d6 6. O-O Nfd7 7. c4 Nc6 8. Bg3
e5 9. Nc3 h6 10. h4 f5 11. dxe5 dxe5 12. a3 f4 13. exf4 exf4 14. Bh2 Nde5 15.
Nxe5 Nxe5 16. Qd5+ Kh7 17. Rad1 Qxh4 18. Ne4 c6 19. Qd6 Bf5 20. f3 Rad8 21. Qc7
Rxd1 22. Rxd1 Rf7 23. Qd8 Qxd8 24. Rxd8 Bxe4 25. fxe4 g5 26. b4 Rd7 27. Rxd7
Nxd7 28. Kf1 Bb2 29. a4 Bc3 30. b5 Bd4 31. g3 fxg3 32. Bxg3 Nc5 33. a5 Kg7 34.
a6 cxb5 35. cxb5 bxa6 36. bxa6 Nxe4 37. Be1 Nf6 38. Bf3 h5 39. Bb7 h4 40. Kg2
Kg6 41. Kh3 Kh5 42. Bc6 g4+ 43. Kh2 Kg5 44. Bd2+ Kf5 45. Kg2 Ne4 46. Bxe4+ Kxe4
47. Bg5 h3+ 48. Kg3 Kf5 49. Bh4 Be5+ 50. Kf2 Ke4 51. Kg1 Kf3 52. Bf2 g3 53.
Bxa7 g2 54. Bf2 h2# 0-1

[Event "Titled Tuesday 2021.04.13"]
[Site "chess.com INT"]
[Date "2021.04.13"]
[Round "1"]
[White "Atanasov, Anthony"]
[Black "Esipenko, Andrey"]
[Result "0-1"]
[WhiteElo "2172"]
[BlackElo "2701"]
[PlyCount "96"]
[EventDate "2021.04.13"]
[EventType "swiss (blitz)"]
[EventRounds "11"]
[EventCountry "NET"]
[Source "Mark Crowther"]
[SourceDate "2021.04.19"]

1. d4 Nf6 2. Bf4 d5 3. e3 c5 4. Nf3 Nc6 5. Nbd2 e6 6. c3 Nh5 7. Be5 f6 8. Bg3
cxd4 9. exd4 Be7 10. Bd3 O-O 11. Ng5 fxg5 12. Qxh5 h6 13. Qg6 Rf6 14. Qh7+ Kf7
15. Be5 Bd7 16. Bxf6 Bxf6 17. Qg6+ Ke7 18. Qh5 Qc7 19. O-O Qf4 20. Qe2 Re8 21.
g3 Qd6 22. Nf3 Kd8 23. Rfe1 e5 24. dxe5 Bxe5 25. Nxe5 Nxe5 26. Bb5 Bg4 27. Bxe8
Bxe2 28. Rxe2 g4 29. Kg2 d4 30. cxd4 Qd5+ 31. Kg1 Nf3+ 32. Kf1 Nxh2+ 33. Kg1
Nf3+ 34. Kf1 Nxd4 35. Ke1 Qh1+ 36. Kd2 Qxa1 37. Re3 Qxb2+ 38. Kd3 Qxf2 39. Kxd4
Qxe3+ 40. Kxe3 Kxe8 41. Kf4 h5 42. Kg5 g6 43. Kxg6 h4 44. a4 hxg3 45. Kf5 g2
46. Ke5 g1=Q 47. Kd5 Qb6 48. Kc4 a5 0-1

[Event "Titled Tuesday 2021.04.13"]
[Site "chess.com INT"]
[Date "2021.04.13"]
[Round "2"]
[White "Medvedyk, Volodymyr"]
[Black "Atanasov, Anthony"]
[Result "1-0"]
[WhiteElo "2159"]
[BlackElo "2172"]
[PlyCount "53"]
[EventDate "2021.04.13"]
[EventType "swiss (blitz)"]
[EventRounds "11"]
[EventCountry "NET"]
[Source "Mark Crowther"]
[SourceDate "2021.04.19"]

1. c4 Nf6 2. g3 g6 3. Bg2 d5 4. cxd5 Nxd5 5. Nc3 Nxc3 6. bxc3 Bg7 7. Qc2 O-O 8.
h4 h5 9. Nh3 Nc6 10. Rb1 Qd6 11. Ng5 Bf5 12. d3 Qc5 13. Bd2 Rad8 14. Ne4 Bxe4
15. Bxe4 Nd4 16. Qc1 Nb5 17. d4 Nxd4 18. cxd4 Qxd4 19. Bd3 e5 20. Be3 Qd5 21.
O-O e4 22. Bc4 Qc6 23. Bxa7 b6 24. Bxf7+ Rxf7 25. Qxc6 Be5 26. Rfd1 Rd2 27.
Rxd2 1-0

[Event "Titled Tuesday 2021.03.23"]
[Site "chess.com INT"]
[Date "2021.03.23"]
[Round "1"]
[White "Coelho, Ramyres Santana"]
[Black "Atanasov, Anthony"]
[Result "0-1"]
[WhiteElo "1981"]
[BlackElo "2172"]
[PlyCount "70"]
[EventDate "2021.03.23"]
[EventType "swiss (blitz)"]
[EventRounds "11"]
[EventCountry "NET"]
[Source "Mark Crowther"]
[SourceDate "2021.03.29"]

1. e4 c5 2. Nf3 d6 3. d4 cxd4 4. Nxd4 Nf6 5. Nc3 a6 6. f3 e6 7. Be3 b5 8. Qd2
Nbd7 9. O-O-O Bb7 10. g4 h6 11. h4 b4 12. Nce2 d5 13. exd5 Nxd5 14. Ng3 Be7 15.
Ne4 Ne5 16. Be2 Qa5 17. Kb1 Rd8 18. Nb3 Qc7 19. Qc1 Nc4 20. Bxc4 Qxc4 21. Na5
Qb5 22. Nxb7 Qxb7 23. Bc5 O-O 24. Bxe7 Qxe7 25. g5 h5 26. Rdg1 g6 27. Nf6+ Nxf6
28. gxf6 Qxf6 29. Qh6 Rd4 30. Qxh5 Rd1+ 31. Rxd1 gxh5 32. Rhg1+ Kh7 33. Rg5
Qxf3 34. Rdg1 Rd8 35. Rg7+ Kh6 0-1

[Event "Titled Tuesday 2021.03.23"]
[Site "chess.com INT"]
[Date "2021.03.23"]
[Round "2"]
[White "Atanasov, Anthony"]
[Black "Triapishko, Alexandr"]
[Result "0-1"]
[WhiteElo "2172"]
[BlackElo "2510"]
[PlyCount "30"]
[EventDate "2021.03.23"]
[EventType "swiss (blitz)"]
[EventRounds "11"]
[EventCountry "NET"]
[Source "Mark Crowther"]
[SourceDate "2021.03.29"]

1. d4 Nf6 2. Nf3 e6 3. Bf4 b5 4. e3 b4 5. Nbd2 Bb7 6. Bd3 c5 7. Nc4 d5 8. Nce5
c4 9. Ng5 cxd3 10. Ngxf7 Qa5 11. Nxh8 dxc2 12. Qf3 b3+ 13. Kf1 Ba6+ 14. Kg1
Qxa2 15. Re1 Qb1 0-1

[Event "Titled Tuesday 2021.02.23"]
[Site "chess.com INT"]
[Date "2021.02.23"]
[Round "1"]
[White "Atanasov, Anthony"]
[Black "Howell, D."]
[Result "0-1"]
[WhiteElo "2172"]
[BlackElo "2658"]
[PlyCount "121"]
[EventDate "2021.02.23"]
[EventType "swiss (blitz)"]
[EventRounds "11"]
[EventCountry "NET"]
[Source "Mark Crowther"]
[SourceDate "2021.03.01"]

1. d4 Nf6 2. Bf4 c5 3. e3 g6 4. Nf3 Bg7 5. Be2 O-O 6. O-O d6 7. Nbd2 cxd4 8.
exd4 Nc6 9. c3 Qb6 10. Re1 h6 11. h3 Bf5 12. Nc4 Qc7 13. a4 Rad8 14. Bh2 Nd5
15. Qb3 e5 16. dxe5 dxe5 17. Bf1 f6 18. Ne3 Be6 19. Bc4 Qf7 20. Rad1 Na5 21.
Qa3 Nxc4 22. Nxc4 Kh7 23. Qc5 b6 24. Qa3 Rd7 25. Bxe5 fxe5 26. Ncxe5 Bxe5 27.
Rxe5 Bxh3 28. Rdxd5 Rxd5 29. Re7 Bg4 30. Rxf7+ Rxf7 31. Qb3 Bxf3 32. gxf3 Rdf5
33. a5 bxa5 34. Qa4 h5 35. f4 Rb7 36. b3 Rc7 37. c4 Rff7 38. Qxa5 Rb7 39. b4
Rxf4 40. Qc5 Rbf7 41. b5 Rg4+ 42. Kf1 Rgf4 43. Ke2 R4f5 44. Qd4 Re7+ 45. Kf1
Rc7 46. c5 Rfxc5 47. Qa4 Rb7 48. b6 axb6 49. Qe8 Rcc7 50. f4 Rf7 51. Kg2 Rxf4
52. Qc8 Rff7 53. Qe8 b5 54. Qe3 b4 55. Qb3 Rf5 56. Kh2 Rbb5 57. Kg3 Rb7 58. Kh4
Rc5 59. Kg3 Rc3+ 60. Kf4 Rxb3 61. Ke5 0-1

[Event "Titled Tuesday 2021.02.23"]
[Site "chess.com INT"]
[Date "2021.02.23"]
[Round "2"]
[White "Zemerov, Vladimir"]
[Black "Atanasov, Anthony"]
[Result "0-1"]
[WhiteElo "2268"]
[BlackElo "2172"]
[PlyCount "72"]
[EventDate "2021.02.23"]
[EventType "swiss (blitz)"]
[EventRounds "11"]
[EventCountry "NET"]
[Source "Mark Crowther"]
[SourceDate "2021.03.01"]

1. g3 Nf6 2. Bg2 d5 3. d3 Bf5 4. Nd2 e6 5. h3 h5 6. e4 dxe4 7. dxe4 Bg6 8. e5
Nd5 9. Ngf3 Nb4 10. O-O Nxc2 11. Rb1 Nb4 12. Ra1 Bd3 13. Qa4+ b5 14. Qd1 Bxf1
15. Qxf1 Qd3 16. Qd1 Bc5 17. Ne1 Qxg3 18. Ne4 Bxf2+ 19. Nxf2 N8c6 20. Ne4 Qxe5
21. Bd2 Rh6 22. Bxh6 gxh6 23. a3 Nd5 24. Qe2 Nd4 25. Qd3 Nf4 26. Qe3 f5 27. Nd3
Nxd3 28. Qxd3 fxe4 29. Qxe4 Qxe4 30. Bxe4 O-O-O 31. Kf2 Rf8+ 32. Ke3 e5 33. Rg1
c6 34. Rg6 Rf4 35. Rxh6 Rh4 36. Bxc6 Nf5+ 0-1

[Event "Titled Tuesday 2021.02.23"]
[Site "chess.com INT"]
[Date "2021.02.23"]
[Round "3"]
[White "Davalos Prieto, Abel"]
[Black "Atanasov, Anthony"]
[Result "1-0"]
[WhiteElo "2135"]
[BlackElo "2172"]
[PlyCount "109"]
[EventDate "2021.02.23"]
[EventType "swiss (blitz)"]
[EventRounds "11"]
[EventCountry "NET"]
[Source "Mark Crowther"]
[SourceDate "2021.03.01"]

1. d4 e5 2. dxe5 Nc6 3. Nf3 Qe7 4. Bf4 Qb4+ 5. Bd2 Qxb2 6. Nc3 Bb4 7. Rb1 Qxc3
8. Rxb4 Qxb4 9. Bxb4 Nxb4 10. e4 Ne7 11. Bc4 O-O 12. O-O b6 13. Ng5 h6 14. Nxf7
Rxf7 15. Qf3 Nbd5 16. Qb3 b5 17. Bxd5 Nxd5 18. Qxd5 c6 19. Qd6 Ba6 20. e6 dxe6
21. Qxc6 Bb7 22. Qxe6 Rc8 23. Rc1 Rcc7 24. f3 Kh7 25. c4 bxc4 26. Rxc4 Bc8 27.
Qd5 Rcd7 28. Qa5 Bb7 29. Rc2 a6 30. Rb2 Kg8 31. h3 Kh7 32. Kh2 Rc7 33. Qb4 Rcd7
34. Rd2 Rc7 35. e5 Bc8 36. Re2 Bf5 37. e6 Rfe7 38. Qd6 Bb1 39. f4 Bxa2 40. Rxa2
Ra7 41. Re2 a5 42. f5 a4 43. g4 a3 44. Ra2 Reb7 45. Rxa3 Rb2+ 46. Kg3 Rxa3+ 47.
Qxa3 Re2 48. Qf3 Re1 49. Qd3 h5 50. g5 g6 51. fxg6+ Kg7 52. Qd7+ Kh8 53. Qe8+
Kg7 54. Qf7+ Kh8 55. Qh7# 1-0

[Event "Titled Tuesday 2021.01.26"]
[Site "chess.com INT"]
[Date "2021.01.26"]
[Round "1"]
[White "Atanasov, Anthony"]
[Black "Sliwicki, D."]
[Result "1-0"]
[WhiteElo "2182"]
[BlackElo "2169"]
[PlyCount "177"]
[EventDate "2021.01.26"]
[EventType "team (blitz)"]
[EventRounds "11"]
[EventCountry "NET"]
[Source "Mark Crowther"]
[SourceDate "2021.02.01"]

1. d4 Nf6 2. Nf3 e6 3. Bf4 d5 4. e3 c5 5. Nbd2 Nc6 6. c3 Bd6 7. Bg3 O-O 8. Bd3
b6 9. e4 dxe4 10. Nxe4 Nxe4 11. Bxe4 Bb7 12. dxc5 Bxc5 13. Qa4 Rc8 14. Rd1 Qe7
15. b4 Nxb4 16. Bxb7 Qxb7 17. cxb4 Qe4+ 18. Kf1 Rfd8 19. Rxd8+ Rxd8 20. Qb3 Rd3
21. Qc2 Bxb4 22. Be5 h6 23. h4 Qd5 24. Kg1 Rxf3 25. gxf3 Qxe5 26. Qc8+ Kh7 27.
Qc2+ g6 28. Qe4 Qd6 29. h5 Bc5 30. hxg6+ fxg6 31. Qb7+ Kg8 32. Qa8+ Kf7 33.
Qxa7+ Kf6 34. Kg2 Qd5 35. Qb8 Qg5+ 36. Qg3 Qd2 37. Qh4+ Kf7 38. Qg3 h5 39. a4
Kf6 40. Qh4+ g5 41. Qg3 h4 42. Qg4 Qxf2+ 43. Kh3 Bd6 44. Qg2 Qe3 45. Qg4 Qe5
46. Qg2 Qf5+ 47. Qg4 Qd3 48. Kg2 Bf4 49. Kh3 Qe2 50. Qg2 Qe3 51. Qg4 e5 52. Qh5
e4 53. Qh8+ Kf5 54. Qh7+ Ke6 55. Qxe4+ Qxe4 56. fxe4 Ke5 57. Re1 Bd2 58. Re2
Bf4 59. Kg4 Kd4 60. Kf5 Kd3 61. Re1 h3 62. e5 h2 63. e6 Bd6 64. Rh1 Kd4 65.
Rxh2 Bxh2 66. e7 g4 67. e8=Q g3 68. Qe4+ Kc3 69. Kg4 Kb2 70. Kf3 Ka3 71. Kg2
Bg1 72. Qc4 Bc5 73. Qb5 Bb4 74. Kxg3 Ba5 75. Kf3 Bb4 76. Ke4 Bc5 77. Kd3 Ka2
78. Kc4 Ka3 79. Kd5 Ka2 80. Kc6 Ka3 81. a5 bxa5 82. Kxc5 a4 83. Kc4 Ka2 84.
Qxa4+ Kb2 85. Kd3 Kb1 86. Kc3 Kc1 87. Qd4 Kb1 88. Qd2 Ka1 89. Kd3 1-0

[Event "Titled Tuesday 2021.01.26"]
[Site "chess.com INT"]
[Date "2021.01.26"]
[Round "2"]
[White "Atanasov, Anthony"]
[Black "Tregubov, P."]
[Result "1-0"]
[WhiteElo "2182"]
[BlackElo "2560"]
[PlyCount "57"]
[EventDate "2021.01.26"]
[EventType "team (blitz)"]
[EventRounds "11"]
[EventCountry "NET"]
[Source "Mark Crowther"]
[SourceDate "2021.02.01"]

1. d4 Nf6 2. Bf4 d5 3. e3 c5 4. Nf3 Nc6 5. Nbd2 cxd4 6. exd4 Bf5 7. c3 e6 8.
Qb3 Qc8 9. Ne5 Nd7 10. Ndf3 Ndxe5 11. Nxe5 f6 12. Nf3 Qd7 13. Nh4 Be4 14. f3
Bg6 15. Nxg6 hxg6 16. Bd3 Kf7 17. O-O g5 18. Bg3 b6 19. f4 gxf4 20. Rxf4 Bd6
21. Rg4 f5 22. Bxf5 exf5 23. Qxd5+ Kf6 24. Be5+ Nxe5 25. dxe5+ Bxe5 26. Qxd7
Bxh2+ 27. Kf2 fxg4 28. Re1 Rad8 29. Re6+ 1-0

[Event "Titled Tuesday 2021.01.26"]
[Site "chess.com INT"]
[Date "2021.01.26"]
[Round "3"]
[White "Bazeev, German"]
[Black "Atanasov, Anthony"]
[Result "1/2-1/2"]
[WhiteElo "2398"]
[BlackElo "2182"]
[PlyCount "212"]
[EventDate "2021.01.26"]
[EventType "team (blitz)"]
[EventRounds "11"]
[EventCountry "NET"]
[Source "Mark Crowther"]
[SourceDate "2021.02.01"]

1. d4 e5 2. dxe5 Nc6 3. Nf3 Qe7 4. Nbd2 Nxe5 5. Nxe5 Qxe5 6. Nf3 Qd6 7. Qxd6
Bxd6 8. e4 Ne7 9. Be3 O-O 10. O-O-O Ng6 11. g3 b6 12. Nd4 Bb7 13. f3 Bc5 14.
Bh3 Ne5 15. Rhf1 d5 16. Bf4 Rfe8 17. Nb5 Ba6 18. Nxc7 Bxf1 19. Rxf1 dxe4 20.
fxe4 Bd6 21. Nxa8 Rxa8 22. Rd1 Bc7 23. Bf1 f6 24. Ba6 Rd8 25. Rxd8+ Bxd8 26.
Bb7 Kf7 27. Bd5+ Ke7 28. a4 h5 29. h3 Bc7 30. b4 h4 31. gxh4 Nd3+ 32. cxd3
Bxf4+ 33. Kc2 Bg3 34. h5 Kd6 35. d4 Be1 36. Kb3 Bf2 37. Kc4 a5 38. bxa5 bxa5
39. Bg8 Bg1 40. Bh7 Bf2 41. Bf5 Be3 42. Bg4 Bf2 43. Bf5 Be3 44. Kb5 Bd2 45. Kc4
Be1 46. Kd3 Bf2 47. Bc8 Bg1 48. Ba6 Bf2 49. Bb5 Bg1 50. d5 Bf2 51. Ke2 Bd4 52.
Kf3 Ke5 53. Bc6 Bc5 54. Kg4 Bb4 55. Bb7 Bc5 56. h6 gxh6 57. Kh5 Be3 58. Kg6 Bf4
59. d6 Kxd6 60. Kxf6 Be5+ 61. Kf5 Bd4 62. Kf4 Ke7 63. e5 Bc3 64. Bd5 Bd2+ 65.
Kf5 Bc3 66. e6 Bd2 67. Ke4 Bc3 68. Ke3 Bb4 69. Kd3 Bd6 70. Kc4 Bb4 71. Kd4 h5
72. Bb3 h4 73. Ke4 Be1 74. Ke3 Bg3 75. Kd4 Be1 76. Kd5 Bg3 77. Ke4 Be1 78. Kf5
Bg3 79. Bc4 Be1 80. Bd3 Bg3 81. Kg4 Kxe6 82. Kf3 Ke5 83. Bb5 Kd4 84. Kg2 Ke3
85. Be8 Be1 86. Bb5 Bb4 87. Bc6 Bc5 88. Bb5 Kf4 89. Bc6 Bd6 90. Bb5 Be5 91. Bc6
Ke3 92. Bb5 Kd4 93. Kf3 Bg3 94. Kg4 Kc3 95. Kh5 Kb4 96. Kg4 Kc5 97. Kh5 Kb6 98.
Kg4 Ka7 99. Kh5 Kb7 100. Kg4 Kb8 101. Kf3 Kc8 102. Kg4 Kd8 103. Kf3 Ke7 104.
Kg4 Kf6 105. Kf3 Kf5 106. Bd7+ Ke5 1/2-1/2

[Event "Titled Tuesday 2021.01.26"]
[Site "chess.com INT"]
[Date "2021.01.26"]
[Round "4"]
[White "Postny, E."]
[Black "Atanasov, Anthony"]
[Result "1-0"]
[WhiteElo "2605"]
[BlackElo "2182"]
[PlyCount "53"]
[EventDate "2021.01.26"]
[EventType "team (blitz)"]
[EventRounds "11"]
[EventCountry "NET"]
[Source "Mark Crowther"]
[SourceDate "2021.02.01"]

1. e4 c5 2. Nf3 d6 3. d4 cxd4 4. Nxd4 Nf6 5. Nc3 a6 6. Be3 e6 7. f3 b5 8. Qd2
Nbd7 9. g4 h6 10. O-O-O Bb7 11. h4 b4 12. Na4 Qa5 13. b3 Nc5 14. Bc4 Nxa4 15.
bxa4 d5 16. Bb3 dxe4 17. g5 hxg5 18. hxg5 Rxh1 19. Rxh1 Nd5 20. g6 exf3 21.
gxf7+ Kxf7 22. Nxf3 Be7 23. Ne5+ Kg8 24. Qh2 Bh4 25. Qxh4 Kf8 26. Qh8+ Ke7 27.
Qxg7+ 1-0

[Event "Titled Tuesday 2021.01.26"]
[Site "chess.com INT"]
[Date "2021.01.26"]
[Round "5"]
[White "Atanasov, Anthony"]
[Black "Chernobay, Artem"]
[Result "1-0"]
[WhiteElo "2182"]
[BlackElo "2490"]
[PlyCount "59"]
[EventDate "2021.01.26"]
[EventType "team (blitz)"]
[EventRounds "11"]
[EventCountry "NET"]
[Source "Mark Crowther"]
[SourceDate "2021.02.01"]

1. d4 d5 2. Bf4 Nf6 3. e3 Bf5 4. Nf3 e6 5. Ne5 Be7 6. g4 Bg6 7. h4 h5 8. Nxg6
fxg6 9. g5 Ne4 10. Bd3 O-O 11. Nd2 Nxd2 12. Kxd2 Qe8 13. c4 c5 14. cxd5 exd5
15. Qc2 cxd4 16. Bxg6 Bb4+ 17. Kd1 Qe6 18. Bxh5 dxe3 19. fxe3 Nc6 20. Qg6 Qe7
21. Bg4 Rae8 22. Bf5 Rxf5 23. Qxf5 d4 24. Qd5+ Kh8 25. g6 Qf6 26. Qh5+ Kg8 27.
Rf1 dxe3 28. Qh7+ Kf8 29. Bd6+ Bxd6 30. Rxf6+ 1-0

[Event "Titled Tuesday 2021.01.26"]
[Site "chess.com INT"]
[Date "2021.01.26"]
[Round "6"]
[White "Girel, Joseph"]
[Black "Atanasov, Anthony"]
[Result "1-0"]
[WhiteElo "2310"]
[BlackElo "2182"]
[PlyCount "75"]
[EventDate "2021.01.26"]
[EventType "team (blitz)"]
[EventRounds "11"]
[EventCountry "NET"]
[Source "Mark Crowther"]
[SourceDate "2021.02.01"]

1. e4 c5 2. Nf3 d6 3. d4 cxd4 4. Nxd4 Nf6 5. Nc3 a6 6. Rg1 e6 7. g4 h6 8. h4 b5
9. g5 hxg5 10. hxg5 Nfd7 11. a3 Bb7 12. Be3 Nc6 13. Qd2 g6 14. O-O-O Nde5 15.
f4 Nxd4 16. Qxd4 Bg7 17. fxe5 Bxe5 18. Qd2 Qa5 19. Bd4 Rh2 20. Rg2 Rxg2 21.
Bxg2 b4 22. Bxe5 Qxe5 23. axb4 Ke7 24. Rf1 a5 25. b5 a4 26. Qf4 Qg7 27. Qf6+
Qxf6 28. gxf6+ Kd7 29. Rh1 a3 30. bxa3 Rxa3 31. Kb2 Ra8 32. Ra1 Rb8 33. Rh1 Rf8
34. Bh3 Kc7 35. Kb3 Kb6 36. Kb4 Rc8 37. Bg2 Rc7 38. Na4+ 1-0

[Event "Titled Tuesday 2021.01.26"]
[Site "chess.com INT"]
[Date "2021.01.26"]
[Round "7"]
[White "Potapova, Margarita"]
[Black "Atanasov, Anthony"]
[Result "0-1"]
[WhiteElo "2277"]
[BlackElo "2182"]
[PlyCount "138"]
[EventDate "2021.01.26"]
[EventType "team (blitz)"]
[EventRounds "11"]
[EventCountry "NET"]
[Source "Mark Crowther"]
[SourceDate "2021.02.01"]

1. d4 e5 2. dxe5 Nc6 3. Nf3 Qe7 4. Nbd2 Nxe5 5. Nxe5 Qxe5 6. Nf3 Qh5 7. e4 Bc5
8. Be2 d6 9. O-O Nf6 10. h3 Bxh3 11. Nh2 Qg6 12. Bf3 O-O-O 13. Kh1 Be6 14. Qe2
h5 15. b4 Bd4 16. c3 Bxc3 17. Bb2 Bxb2 18. Qxb2 Ng4 19. Qd4 Nxh2 20. Kxh2 Kb8
21. Rac1 Bg4 22. Qc3 Rd7 23. b5 Bxf3 24. Qxf3 Qf6 25. Qxf6 gxf6 26. Kg3 Re7 27.
Kf3 f5 28. exf5 Re5 29. Kf4 Rxb5 30. Rfe1 Rg8 31. Re7 Rg4+ 32. Kf3 Rxf5+ 33.
Ke3 Re5+ 34. Rxe5 dxe5 35. g3 Kc8 36. Rh1 Rg5 37. Ke4 f6 38. Rd1 c6 39. Rd6 h4
40. gxh4 Rg4+ 41. Ke3 Rf4 42. h5 Kc7 43. Rd1 Rh4 44. Rg1 Rxh5 45. Rg6 Rf5 46.
a4 Kb6 47. Rg7 Rf4 48. Rf7 a5 49. Rf8 Kc5 50. Rf7 b6 51. Rf8 Kb4 52. Rb8 b5 53.
axb5 cxb5 54. Ra8 a4 55. Kd3 a3 56. Ke3 Kb3 57. f3 b4 58. Ke2 a2 59. Ke3 Kb2
60. Ke2 b3 61. Ke3 a1=Q 62. Rxa1 Kxa1 63. Kd3 b2 64. Ke3 b1=Q 65. Ke2 Qb3 66.
Kf2 Rxf3+ 67. Kg2 Rc3 68. Kg1 Rc2 69. Kh1 Qb1# 0-1

[Event "Titled Tuesday 2021.01.26"]
[Site "chess.com INT"]
[Date "2021.01.26"]
[Round "8"]
[White "Atanasov, Anthony"]
[Black "Bodnaruk, Anastasia"]
[Result "0-1"]
[WhiteElo "2182"]
[BlackElo "2443"]
[PlyCount "84"]
[EventDate "2021.01.26"]
[EventType "team (blitz)"]
[EventRounds "11"]
[EventCountry "NET"]
[Source "Mark Crowther"]
[SourceDate "2021.02.01"]

1. d4 Nf6 2. Nf3 g6 3. Bf4 Bg7 4. e3 O-O 5. Be2 d6 6. O-O Nc6 7. c4 Nd7 8. Nc3
e5 9. Bg3 h6 10. Rb1 f5 11. dxe5 dxe5 12. h3 e4 13. Nd4 Nxd4 14. exd4 g5 15. f4
c6 16. Qd2 Nc5 17. Rfd1 Ne6 18. d5 Nxf4 19. Bxf4 gxf4 20. Qxf4 c5 21. Nb5 Bd7
22. Nc7 Rc8 23. Ne6 Bxe6 24. dxe6 Qe7 25. Rd7 Qxe6 26. Rxb7 Rcd8 27. b4 cxb4
28. Rb3 Rd7 29. Rxd7 Qxd7 30. Rxb4 Qd4+ 31. Kh1 Qa1+ 32. Bf1 e3 33. c5 Kh8 34.
Qc4 Re8 35. Qe2 Rd8 36. c6 Rd2 37. Qf3 Rf2 38. Rb8+ Kh7 39. Qxf2 exf2 40. c7
Qxf1+ 41. Kh2 Be5+ 42. g3 Qg1# 0-1

[Event "Titled Tuesday 2021.01.26"]
[Site "chess.com INT"]
[Date "2021.01.26"]
[Round "9"]
[White "Atanasov, Anthony"]
[Black "Golubev, M."]
[Result "0-1"]
[WhiteElo "2182"]
[BlackElo "2461"]
[PlyCount "26"]
[EventDate "2021.01.26"]
[EventType "team (blitz)"]
[EventRounds "11"]
[EventCountry "NET"]
[Source "Mark Crowther"]
[SourceDate "2021.02.01"]

1. d4 Nf6 2. Bf4 c5 3. e3 Qb6 4. Nc3 a6 5. a3 cxd4 6. exd4 d5 7. Nf3 Nc6 8. Be2
Bg4 9. Be3 g6 10. h3 Bxf3 11. Bxf3 Bg7 12. Nxd5 Nxd5 13. Bxd5 Qa5+ 0-1

[Event "Titled Tuesday 2021.01.26"]
[Site "chess.com INT"]
[Date "2021.01.26"]
[Round "10"]
[White "Samunenkov, Ihor"]
[Black "Atanasov, Anthony"]
[Result "1-0"]
[WhiteElo "2209"]
[BlackElo "2182"]
[PlyCount "55"]
[EventDate "2021.01.26"]
[EventType "team (blitz)"]
[EventRounds "11"]
[EventCountry "NET"]
[Source "Mark Crowther"]
[SourceDate "2021.02.01"]

1. e4 c5 2. Nf3 d6 3. d4 cxd4 4. Nxd4 Nf6 5. Nc3 a6 6. h3 e6 7. g4 Be7 8. g5
Nfd7 9. h4 b5 10. Be3 Bb7 11. a3 Qc7 12. h5 Nc6 13. Be2 Nde5 14. Rg1 O-O 15. f4
Nxd4 16. Qxd4 Nc4 17. Bxc4 bxc4 18. O-O-O Rfd8 19. f5 Rac8 20. f6 Bf8 21. g6 d5
22. gxh7+ Kxh7 23. fxg7 Bd6 24. Qf6 Kg8 25. h6 Kh7 26. g8=Q+ Rxg8 27. Rg7+ Kh8
28. Rxg8+ 1-0

[Event "Titled Tuesday 2021.01.19"]
[Site "chess.com INT"]
[Date "2021.01.19"]
[Round "1"]
[White "Korchmar, V."]
[Black "Atanasov, Anthony"]
[Result "0-1"]
[WhiteElo "2451"]
[BlackElo "2182"]
[PlyCount "80"]
[EventDate "2021.01.19"]
[EventType "swiss (blitz)"]
[EventRounds "11"]
[EventCountry "NET"]
[Source "Mark Crowther"]
[SourceDate "2021.01.25"]

1. e4 c5 2. Nf3 d6 3. d4 cxd4 4. Nxd4 Nf6 5. Nc3 a6 6. Be3 e6 7. f3 b5 8. a3
Nbd7 9. Qd2 Bb7 10. g4 h6 11. O-O-O Nb6 12. Kb1 Nfd7 13. g5 hxg5 14. Bxg5 Qc7
15. h4 Ne5 16. Qe1 Be7 17. Bxe7 Kxe7 18. Qg3 Nbc4 19. Bxc4 Nxc4 20. Qg5+ Kf8
21. Rhg1 Rh7 22. Nce2 Qc5 23. Qg3 Rc8 24. Nf4 Ke7 25. Rd3 b4 26. axb4 Qxb4 27.
Nb3 a5 28. Qg5+ Kf8 29. Nh5 a4 30. Nxg7 axb3 31. cxb3 Ne5 32. Nxe6+ fxe6 33.
Qg8+ Ke7 34. Qxh7+ Nf7 35. Rgd1 Ba6 36. Rxd6 Qxd6 37. Rxd6 Kxd6 38. Qxf7 Bd3+
39. Ka2 Ra8+ 40. Qa7 Rxa7# 0-1

[Event "Titled Tuesday 2021.01.19"]
[Site "chess.com INT"]
[Date "2021.01.19"]
[Round "2"]
[White "Atanasov, Anthony"]
[Black "Valdes, Le"]
[Result "0-1"]
[WhiteElo "2182"]
[BlackElo "2402"]
[PlyCount "100"]
[EventDate "2021.01.19"]
[EventType "swiss (blitz)"]
[EventRounds "11"]
[EventCountry "NET"]
[Source "Mark Crowther"]
[SourceDate "2021.01.25"]

1. d4 Nf6 2. Bf4 g6 3. e3 Bg7 4. Nf3 O-O 5. Be2 d6 6. O-O Nbd7 7. c4 Ne4 8.
Nbd2 Nxd2 9. Qxd2 e5 10. dxe5 dxe5 11. Bg5 Qe8 12. Rac1 h6 13. Bh4 Kh8 14. e4
a5 15. c5 Nb8 16. Rfd1 Nc6 17. Qe3 Bg4 18. h3 Bxf3 19. Bxf3 Nd4 20. Be2 a4 21.
b4 axb3 22. axb3 Ra3 23. Bc4 c6 24. Rd3 Qa8 25. Kh2 Ra1 26. Bf6 Kh7 27. Bxg7
Kxg7 28. Rcd1 Rxd1 29. Rxd1 Qa3 30. f4 Qxc5 31. fxe5 Qxe5+ 32. Kh1 c5 33. Bd5
b6 34. b4 Re8 35. bxc5 bxc5 36. Rc1 Qxd5 37. Re1 Qe5 38. Qc3 h5 39. h4 Qf6 40.
Qh3 Re5 41. g4 Qf4 42. gxh5 Rxh5 43. Rf1 Qxe4+ 44. Kh2 Rxh4 45. Rg1 Nf3+ 46.
Kg3 Qf4+ 47. Kf2 Rxh3 48. Kf1 Nxg1+ 49. Kg2 Rg3+ 50. Kh2 Qh4# 0-1